01533nam a2200337 a 4500001001200000003000800012006001900020007001500039008004100054010001700095020002800112040002100140035002100161050002900182082001900211100003100230245015700261260004700418300002700465490007800492504006600570533015200636600003600788650005100824650004400875650003700919655002900956710001700985830006701002856012601069ebr10004891CaPaEBRm u cr cn|||||||||980318s1999 ctua sb 001 0beng  z 98015597  z0313303738 (alk. paper) aCaPaEBRcCaPaEBR a(OCoLC)60847396814aPS3535.I3374bZ68 1999eb04a812/.52aB2211 aGray, Christine Rauchfuss.10aWillis Richardson, forgotten pioneer of African-American dramah[electronic resource] /cChristine Rauchfuss Gray ; foreword by Bernard L. Peterson, Jr. aWestport, Conn. :bGreenwood Press,c1999. axxiii, 130 p. :bport.1 aContributions in Afro-American and African studies,x0069-9624 ;vno. 190 aIncludes bibliographical references (p. [115]-125) and index. aElectronic reproduction.bPalo Alto, Calif. :cebrary,d2013.nAvailable via World Wide Web.nAccess may be limited to ebrary affiliated libraries.10aRichardson, Willis,d1889-1977. 0aDramatists, Americany20th centuryvBiography. 0aAfrican American dramatistsvBiography. 0aAfrican Americans in literature. 7aElectronic books.2local2 aebrary, Inc. 0aContributions in Afro-American and African studies ;vno. 190.40uhttp://site.ebrary.com/lib/rucke/Doc?id=10004891zAn electronic book accessible through the World Wide Web; click to view